000 00464nam a2200181Ia 4500
008 090123s9999 xx 000 0 und d
082 _b3017
_a891.463/कदम
100 _aकदम बाबा
245 _aइन्साफ
250 _a1
260 _bकल्पना
300 _a282
600 _aकदम बाबा
630 _aइन्साफ
700 _aकदम बाबा
730 _aइन्साफ
942 _cBOOK
999 _c41097
_d41097